Sociálna psychológia človek vo vzťahoch

Uložené v:
Podrobná bibliografia
Hlavný autor: Verešová, Marcela
Ďalší autori: Sollárová, Eva, Sollár, Tomáš, Zelina, Miron, Flešková, Marta, Čavojová, Vladimíra, Pohánka, Martin
Médium: Kniha
Jazyk:Slovak
Vydavateľské údaje: Nitra Enigma 2011
Vydanie:2. dopl. vyd.
Predmet:
Tagy: Pridať tag
Žiadne tagy, Buďte prvý, kto otaguje tento záznam!

MARC

LEADER 00000nam a2200000 4500
001 0141739
005 20240226122912.8
020 |a 978-80-8133-002-5 
041 0 |a slo 
044 |a SK 
245 1 0 |a Sociálna psychológia  |b človek vo vzťahoch  |c Marcela Verešová a kolektív 
250 |a 2. dopl. vyd. 
264 1 |a Nitra  |b Enigma  |c 2011 
300 |a 295 s. 
610 2 0 |a psychológia sociálna 
610 2 0 |a výskum psychologický 
610 2 0 |a výskum sociologický 
610 2 0 |a socializácia 
610 2 0 |a vzťahy medziľudské 
610 2 0 |a metodológia 
100 1 |a Verešová, Marcela 
700 1 |a Sollárová, Eva 
700 1 |a Sollár, Tomáš 
700 1 |a Zelina, Miron 
700 1 |a Flešková, Marta 
700 1 |a Čavojová, Vladimíra 
700 1 |a Pohánka, Martin